000 00590nam a2200169Ia 4500
008 090711s9999 xx 000 0 und d
082 _b65312
100 _aघारे दीपक
245 _aिSंा. त्र्यं. खानोलकर Sारित्र
260 _c1988
300 _a194
600 _aघारे दीपक
630 _aिSंा. त्र्यं. खानोलकर Sारित्र
700 _aघारे दीपक
730 _aिSंा. त्र्यं. खानोलकर Sारित्र
942 _cBOOK
999 _c332524
_d332524